Hamilton: Who Am I? Quiz Stats

 Plays Quiz Updated Mar 28, 2017

     
Support Sporcle.
Go Orange.
Score 0/35 Timer 10:00
13 Plays Today
% Correct
Lafayette
88.4%
Alexander Hamilton
88.3%
Alexander Hamilton
87.6%
Angelica Schuyler Church
86.2%
George Washington
85.8%
Alexander Hamilton
85.5%
Elizabeth Schuyler Hamilton
85.4%
Aaron Burr (sir)
84.9%
Hercules Mulligan
84.6%
The Hamilsquad (Laurens, Lafayette, Mulligan, Hamilton)
84%
Hercules Mulligan
83.5%
George Washington
82.2%
Alexander Hamilton
80.7%
Alexander Hamilton
80.7%
John Adams
79.5%
Aaron Burr (sir)
78.7%
Lafayette
78.7%
Peggy
78.3%
% Correct
Angelica Schuyler Church
77.8%
Alexander Hamilton
76.8%
George Washington
76%
Alexander Hamilton
75.9%
Aaron Burr (sir)
72.8%
Alexander Hamilton
71.8%
Alexander Hamilton
71.2%
Alexander Hamilton
71.2%
Alexander Hamilton
71%
Alexander Hamilton
70.5%
Thomas Jefferson
70.2%
Aaron Burr (sir)
69.5%
Aaron Burr (sir)
65.3%
Philip Hamilton
63.1%
Aaron Burr (sir)
62.2%
Aaron Burr (sir)
61.3%
Aaron Burr (sir)
56.7%

From the Vault

Saturday Sudoku LXV

by KeeshCab

We've reached a point where the number of Saturday Sudokus serves a dual purpose in practicing your Roman Numerals.
Remove Ads.
Support Sporcle.
Get the best of Sporcle when you Go Orange. This ad-free experience offers more features, more stats, and more fun while also helping to support Sporcle. Thank you for becoming a member.

Show Comments

Extras

Top Quizzes Today


Score Distribution

Your Account Isn't Verified!

In order to create a playlist on Sporcle, you need to verify the email address you used during registration. Go to your Sporcle Settings to finish the process.

Report this User

Report this user for behavior that violates our Community Guidelines.

Details: